| 000 | 00654nam a2200229 i 4500 | ||
|---|---|---|---|
| 001 | 88970 | ||
| 003 | ES-MaACL | ||
| 005 | 20230906180006.0 | ||
| 007 | t| | ||
| 008 | 050120s2003 sp ||||1| spa d | ||
| 020 | _a84-8447-215-9 | ||
| 080 | _a726.54(460) | ||
| 100 | 1 |
_aRos García, Rosario. _999588 |
|
| 245 | 1 | 0 |
_aIglesias / _cRosario Ros García. |
| 260 |
_aMadrid : _bRueda J.M., _c[2003] |
||
| 300 |
_a199 p. : _bil. col. ; _c31 cm. |
||
| 490 | 1 | _aNuestro patrimonio cultural | |
| 650 | 1 | 4 |
_aIglesias- _zEspaña. _913573 |
| 830 | 0 |
_aNuestro patrimonio cultural _9184090 |
|
| 852 |
_aES-MaACL _jL-28585 _bR.135099 |
||
| 999 |
_c88970 _d88970 |
||